| 000 | 00479nam a22001817a 4500 | ||
|---|---|---|---|
| 003 | CEME | ||
| 005 | 20210628203416.0 | ||
| 008 | 210118b xxu||||| |||| 00| 0 eng d | ||
| 020 | _a0-471-65763-8 | ||
| 040 | _cceme | ||
| 082 | _a332.6327 CUL | ||
| 100 |
_aCullman, Lewis .B _965264 |
||
| 245 | _aCan't take it with you, the art of making and giving money | ||
| 260 |
_aUSA _bWILEY _c2004 |
||
| 300 | _aXV,224P | ||
| 650 |
_aBIOPGRAPHY-BUSINESSMAN _965265 |
||
| 942 |
_cBK _2ddc |
||
| 999 |
_c573533 _d573533 |
||